000
00316nam a2200121Ia 4500
008
190216s9999||||xx |||||||||||||| ||und||
100
_a
Ram. B
245
0
_a
Computer Fundamentals Architecture And Organisation
260
_b
New Age International Publishers
_c
2000
300
_a
473p
650
_a
Physics
942
_c
BK
999
_c
8486
_d
8486